00468nam a2200181Ia 4500003000400000005001700004008004100021020001800062040000700080041000800087082001500095100002100110245006300131260004100194300001700235365001300252650002100265OSt20230412104758.0210423s2011 xx 000 0 und d a9788132106296 cAL aeng a659.2 VILP aVILANILAM (J V). aPublic relations in India: new tasks and responsibilities. aLos AngelesbSage Publicationsc2011 axvii,291bPB b395cINR aPublic Relations